000 00883nam a22002417a 4500
005 20240530110503.0
008 150511s2011 ua g 000 0 ara d
017 _a2010/21852
_bمصر . دار الكتب المصرية
020 _a9789774950490
040 _aEG-CaGPL
082 0 4 _221
_a128.4\
_bر أ
100 1 _aروسو ، جان جاك
_qجان جاك روسو
245 1 0 _aاصل التفاوت بين الناس /
_cجان جاك روسو ؛ ترجمة عادل
250 _aط1
260 _aالقاهرة :
_bدار العالم العربى ،
_c2011 .
300 _a141 ص ؛
_c24 سم +
_eملاحق
650 0 4 _aالفلسفة الغربية
650 0 4 _aالتفاوت ( علم نفس )
650 0 4 _aالفلسفة الحديثة
700 0 _aعادل زعيتر
_eمترجم
942 _2ddc
_cBK
999 _c61507
_d61507